प्राचीन भारतीय चिन्तन का इतिहास / (Record no. 62529)
[ view plain ]
| 000 -LEADER | |
|---|---|
| fixed length control field | 00814nam a22001937a 4500 |
| 005 - DATE AND TIME OF LATEST TRANSACTION | |
| control field | 20120211103959.0 |
| 010 ## - LCCN (DPL NO) | |
| LC control number | |
| 020 ## - INTERNATIONAL STANDARD BOOK NUMBER | |
| Terms of availability | |
| International Standard Book Number | 8186803017 |
| 035 ## - SYSTEM CONTROL NUMBER | |
| System control number | A-849897 |
| 037 ## - SOURCE OF ACQUISITION | |
| Source of stock number/acquisition | |
| Stock number | dpl |
| 082 ## - DEWEY DECIMAL CLASSIFICATION NUMBER | |
| Classification number | 181.409 |
| 100 ## - MAIN ENTRY--PERSONAL NAME | |
| Personal name | नागोरी, एस.एल |
| 245 1# - TITLE STATEMENT | |
| Title | प्राचीन भारतीय चिन्तन का इतिहास / |
| Statement of responsibility, etc | एस.एल.नागोरी |
| 260 ## - PUBLICATION, DISTRIBUTION, ETC. (IMPRINT) | |
| Place of publication, distribution, etc | जयपुर |
| Name of publisher, distributor, etc | नेशनल पब्लिशिंग हाउस |
| Date of publication, distribution, etc | 1996 |
| 270 ## - ADDRESS | |
| Address | |
| City | |
| Postal code | |
| Telephone number | |
| 300 ## - PHYSICAL DESCRIPTION | |
| Extent | 302पृ. |
| Dimensions | 21सेमी (सजिल्द) |
| 942 ## - ADDED ENTRY ELEMENTS (KOHA) | |
| Institution code [OBSOLETE] | dpl |
| Item type | Hindi Books |
| Call number prefix | |
| Source of classification or shelving scheme | Dewey Decimal Classification |
| Classification part | 181.409 |
| Call number suffix | नागोरी |
| Withdrawn status | Lost status | Not for loan | Collection code | Home library | Current library | Date acquired | Full call number | Barcode | Koha item type |
|---|---|---|---|---|---|---|---|---|---|
| Non-fiction | Sarojini Nagar | Sarojini Nagar | 11/02/2012 | 181.409 नागोरी | A-849897 | Hindi Books |
